<?xml version="1.0" encoding="UTF-8"?>
<marc:record xmlns:marc="http://www.loc.gov/MARC21/slim">
   <marc:leader>00000nam a2200000 a 4500</marc:leader>
   <marc:datafield ind1="1" ind2=" " tag="100">
      <marc:subfield code="a">Lishak, Antony</marc:subfield>
      <marc:subfield code="4">aut</marc:subfield>
      <marc:subfield code="e">Verfasser/-in</marc:subfield>
   </marc:datafield>
   <marc:datafield ind1=" " ind2=" " tag="653">
      <marc:subfield code="a">Klimaänderung</marc:subfield>
   </marc:datafield>
   <marc:datafield ind1=" " ind2=" " tag="653">
      <marc:subfield code="a">Lernen/Unterrichtsvorbereitung/Sekundarstufe I</marc:subfield>
   </marc:datafield>
   <marc:datafield ind1=" " ind2=" " tag="653">
      <marc:subfield code="a">Lehrmittel</marc:subfield>
   </marc:datafield>
   <marc:datafield ind1="0" ind2="0" tag="245">
      <marc:subfield code="a">Klimawandel - was hab ich damit zu tun?</marc:subfield>
   </marc:datafield>
   <marc:datafield ind1="0" ind2="0" tag="245">
      <marc:subfield code="b">Infos, Rollenkarten und Materialien für Diskussionsrunden</marc:subfield>
   </marc:datafield>
   <marc:datafield ind1="0" ind2="0" tag="245">
      <marc:subfield code="c">Antony Lishak</marc:subfield>
   </marc:datafield>
   <marc:datafield ind1=" " ind2="1" tag="264">
      <marc:subfield code="a">Mülheim an der Ruhr</marc:subfield>
      <marc:subfield code="b">Verl. an der Ruhr</marc:subfield>
      <marc:subfield code="c">2008</marc:subfield>
   </marc:datafield>
   <marc:datafield ind1="1" ind2=" " tag="520">
      <marc:subfield code="a">Angaben aus der Verlagsmeldung

Klimawandel - Was hab ich damit zu tun? : Infos, Rollenkarten und Materialien für Diskussionsrunden / von Antony Lishak

Flutopfer, schmelzendes Polareis, Dürrekatastrophen
– der Klimawandel hat fatale Folgen. Während
wir im nördlichen Teil Europas ein paar Grad
mehr durchaus begrüßen, treffen diese Katastrophen
vor allem die Menschen in den ärmsten Regionen
der Welt. Aber: Klimaschutz wird nur zögernd
umgesetzt, denn er bedeutet für uns zumeist
Einschränkung und Verzicht. Mit Hilfe dieser
Rollenkarten lernen Jugendliche die unterschiedlichen
Perspektiven des Themas kennen und erproben
diese im Rollenspiel: Sie verstehen so, dass der
Pendler, der jeden Tag mit dem Auto zur Arbeit
fährt, Maßnahmen zum Klimaschutz vielleicht anders
bewertet als der engagierte Umweltschützer.
Die Rollenkarten unterstützen die Jugendlichen, die
Komplexität des Themas zu verstehen und helfen
ihnen, einen eigenen Standpunkt zu fi nden. Mit
Ideen und praktischen Tipps zum Einsatz der
Karten im Begleitheft.
</marc:subfield>
   </marc:datafield>
   <marc:datafield ind1=" " ind2=" " tag="020">
      <marc:subfield code="a">9783834603890</marc:subfield>
      <marc:subfield code="9">9783834603890</marc:subfield>
   </marc:datafield>
</marc:record>
